[Event "ICS Rated blitz match"]
[Site "204.178.125.65"]
[Date "2000.03.30"]
[Round "?"]
[White "Bankieren"]
[Black "Hossa"]
[Result "1-0"]
[WhiteElo "2472"]
[BlackElo "2374"]
[PlyCount "125"]

1. d4 d5 2. Nf3 Nf6 3. Bf4 Bf5 4. e3 e6 5. Bd3 Bd6 6. Ne5 Bxd3 7. cxd3 Nfd7 8.
Bg3 Bxe5 9. dxe5 c5 10. O-O Nc6 11. f4 g5 12. Nc3 gxf4 13. exf4 Qb6 14. Qd2 Qa5
15. Rfd1 O-O-O 16. a3 Kb8 17. b4 cxb4 18. axb4 Qxb4 19. Rdb1 Qe7 20. Nb5 d4 21.
Nd6 Nb6 22. Qa2 Rxd6 23. exd6 Qd8 24. Bh4 f6 25. Qxe6 Re8 26. Qxf6 Qxf6 27.
Bxf6 Re6 28. Bg5 Rxd6 29. Kf2 Nd5 30. Kf3 h6 31. Bh4 Nc3 32. Rb3 b5 33. Re1 a5
34. f5 Rd5 35. Kf4 Nb4 36. Rxb4 axb4 37. f6 Rd7 38. Re7 Nd5+ 39. Ke4 Nxe7 40.
fxe7 Rxe7+ 41. Bxe7 b3 42. Ba3 b4 43. Bb2 Kb7 44. Kxd4 Kb6 45. Kc4 Ka5 46. d4
h5 47. d5 Ka6 48. Kc5 Kb7 49. Kd6 Kb6 50. Ke7 Kc5 51. d6 Kc4 52. d7 Kd3 53.
d8=Q+ Kc2 54. Bf6 b2 55. Bxb2 h4 56. Qh8 Kb1 57. Qxh4 Kc2 58. Qxb4 Kd1 59. Bd4
Ke2 60. Qc3 Kd1 61. Qb2 Ke1 62. Qc2 Kf1 63. Qf2# 1-0

[Event "ICS rated blitz match"]
[Site "204.178.125.65"]
[Date "2000.03.30"]
[Round "?"]
[White "Hossa"]
[Black "Bankieren"]
[Result "0-1"]
[WhiteElo "2362"]
[BlackElo "2484"]
[PlyCount "186"]

1. e4 e6 2. d4 d5 3. Nc3 Bb4 4. e5 c5 5. a3 Ba5 6. b4 cxd4 7. Nb5 Bc7 8. f4 Nc6
9. Nf3 Nge7 10. Nxc7+ Qxc7 11. b5 Na5 12. Bb2 Nf5 13. Bxd4 Nxd4 14. Nxd4 Qc3+
15. Kf2 O-O 16. g3 f6 17. exf6 Rxf6 18. Kg2 Bd7 19. Bd3 Nc4 20. Bxc4 dxc4 21.
Rf1 Rd8 22. Rf3 Qa5 23. a4 e5 24. fxe5 Rxf3 25. Qxf3 Qd2+ 26. Ne2 Be6 27. Kg1
Bd5 28. Qf2 Qxc2 29. Qe3 Qd3 30. Qxd3 cxd3 31. Nc3 Bb3 32. Rb1 Bc2 33. Rc1 Rc8
34. Ne4 Re8 35. Nc3 Rxe5 36. h4 Rc5 37. Ne4 Rc4 38. Nd2 Rxa4 39. Re1 Ra2 40.
Re8+ Kf7 41. Rb8 b6 42. Rb7+ Kg6 43. Rd7 Rb2 44. Rd6+ Kf5 45. Rd7 Ba4 46. Rxa7
Bxb5 47. Rxg7 Rxd2 48. Rg5+ Ke4 49. Rxb5 Rc2 50. Rxb6 d2 51. Rd6 Rc1+ 52. Kg2
d1=Q 53. Rxd1 Rxd1 54. h5 h6 55. Kf2 Rh1 56. g4 Kf4 57. Kg2 Ra1 58. Kf2 Kxg4
59. Ke3 Kxh5 60. Kf3 Kg5 61. Ke4 Ra5 62. Kd4 Rf5 63. Ke4 Kg4 64. Kd4 Kf4 65.
Kc4 Re5 66. Kd4 h5 67. Kc4 Ke4 68. Kb4 Rd5 69. Kc4 h4 70. Kb4 Kd4 71. Kb3 Rc5
72. Kb4 h3 73. Kb3 Rc4 74. Kb2 Rc3 75. Ka2 Rg3 76. Kb2 Kc4 77. Kc2 Rg2+ 78. Kd1
Kd3 79. Ke1 Ke3 80. Kf1 Kf3 81. Ke1 Rc2 82. Kd1 Rc4 83. Kd2 Rd4+ 84. Kc3 Rd7
85. Kc4 h2 86. Kc5 h1=Q 87. Kc6 Qd1 88. Kb5 Qd5+ 89. Kb4 Rb7+ 90. Kc3 Rc7+ 91.
Kb4 Qb7+ 92. Ka5 Rc8 93. Ka4 Ra8# 0-1

[Event "ICS Rated blitz match"]
[Site "204.178.125.65"]
[Date "2000.03.30"]
[Round "?"]
[White "Bankieren"]
[Black "Hossa"]
[Result "1-0"]
[WhiteElo "2495"]
[BlackElo "2351"]
[PlyCount "87"]

1. d4 Nf6 2. Nf3 e6 3. Bf4 d5 4. e3 Bd6 5. Ne5 O-O 6. Bd3 Re8 7. O-O Nc6 8. Nd2
Nd7 9. Bxh7+ Kxh7 10. Qh5+ Kg8 11. Qxf7+ Kh7 12. Qh5+ Kg8 13. Bg5 Re7 14. Ng6
Nf8 15. Qh8+ Kf7 16. Nxe7 Nxe7 17. f4 b6 18. Nf3 Ba6 19. Ne5+ Ke8 20. Qxg7 Bxe5
21. fxe5 Bxf1 22. Rxf1 Nfg6 23. Rf6 Kd7 24. Rxg6 Qf8 25. Qxf8 Rxf8 26. Rg7 Re8
27. h4 c5 28. h5 a5 29. h6 Kc6 30. Rxe7 Rc8 31. c3 Kb5 32. Bf6 cxd4 33. exd4 a4
34. a3 Kc4 35. h7 Kb3 36. Rxe6 Kxb2 37. Rxb6+ Kxa3 38. h8=Q Rxh8 39. Bxh8 Ka2
40. e6 Ka3 41. e7 Ka2 42. e8=Q Ka3 43. Qb5 Ka2 44. Qb2# 1-0

[Event "ICS Rated blitz match"]
[Site "204.178.125.65"]
[Date "2000.03.30"]
[Round "?"]
[White "Hossa"]
[Black "QueenMaxima"]
[Result "1-0"]
[WhiteElo "2341"]
[BlackElo "2435"]
[PlyCount "144"]

1. e4 c5 2. Nf3 Nc6 3. d4 cxd4 4. Nxd4 Nf6 5. Nc3 d6 6. Bc4 e6 7. Be3 Be7 8.
Qe2 a6 9. Bb3 O-O 10. O-O-O Qc7 11. Qd2 Ng4 12. Bf4 Bd7 13. Nxc6 Bxc6 14. Bxd6
Bxd6 15. Qxd6 Qxd6 16. Rxd6 Nxf2 17. Re1 a5 18. Rd2 Ng4 19. h3 Ne5 20. a4 Nd7
21. Bd5 exd5 22. exd5 Bxa4 23. Nxa4 b5 24. Nc3 b4 25. Nb5 Nc5 26. Nd6 a4 27.
Nf5 a3 28. Ne7+ Kh8 29. bxa3 bxa3 30. Kb1 Rfb8+ 31. Ka1 f6 32. Nc6 Rb2 33. Re3
a2 34. Re1 Nb3+ 35. Kxb2 Nxd2 36. Ka1 Nc4 37. Nb4 Na5 38. Kxa2 Nc6+ 39. Kb3
Nxb4 40. Kxb4 Rd8 41. c4 Kg8 42. Kb5 Kf7 43. Re6 Rd7 44. Rb6 Ke7 45. Rb8 Kd6
46. Kb6 Ke7 47. Rh8 h6 48. g3 Rd6+ 49. Kc5 Ra6 50. g4 Ra5+ 51. Kb6 Ra3 52. c5
Rxh3 53. d6+ Kd7 54. c6+ Kxd6 55. Rd8+ Ke5 56. c7 Rc3 57. c8=Q Rxc8 58. Rxc8
Kf4 59. Rc4+ Kg5 60. Rc7 g6 61. Rg7 h5 62. gxh5 Kxh5 63. Kc5 Kh6 64. Rf7 f5 65.
Kd6 Kg5 66. Ke6 Kg4 67. Ke5 Kf3 68. Rf6 Ke3 69. Rb6 f4 70. Rb3+ Kd2 71. Kxf4
Kc2 72. Re3 g5+ 1-0

[Event "ICS rated blitz match"]
[Site "204.178.125.65"]
[Date "2000.03.30"]
[Round "?"]
[White "QueenMaxima"]
[Black "Hossa"]
[Result "0-1"]
[WhiteElo "2415"]
[BlackElo "2361"]
[PlyCount "115"]

1. e4 e5 2. Nf3 Nc6 3. Bb5 a6 4. Ba4 Nf6 5. O-O Be7 6. Re1 b5 7. Bb3 O-O 8. c3
d5 9. exd5 Nxd5 10. Nxe5 Nxe5 11. Rxe5 c6 12. d4 Bd6 13. Re1 Qh4 14. g3 Qh3 15.
Be3 Bg4 16. Qd3 Rae8 17. Nd2 Re6 18. Bxd5 cxd5 19. Qf1 Qh5 20. f3 Bh3 21. Qf2
Qf5 22. Nb3 b4 23. Nc5 Bxc5 24. dxc5 bxc3 25. bxc3 Rfe8 26. Bf4 Qd3 27. Bd2 Rb8
28. Re3 Qc2 29. Be1 Qa4 30. Rxe6 fxe6 31. Qd2 Rf8 32. f4 Qe4 33. Rc1 g5 34. Qf2
gxf4 35. Bd2 fxg3 36. Qxg3+ Qg6 37. Qxg6+ hxg6 38. Rb1 Rf3 39. c6 e5 40. Kh1 e4
41. Rg1 e3 42. Bc1 Kf7 43. c7 e2 44. Bd2 Rf1 45. Be1 a5 46. Bg3 a4 47. Bh4 a3
48. Be1 Bf5 49. h4 Ke7 50. Kg2 Kd7 51. Bg3 Be4+ 52. Kh2 Kc8 53. c4 dxc4 54. Be1
Kxc7 55. Bb4 Kc6 56. Be1 Kc5 57. Rg5+ Kd4 58. Rg1 0-1

[Event "ICS rated blitz match"]
[Site "204.178.125.65"]
[Date "2000.03.30"]
[Round "?"]
[White "Hossa"]
[Black "QueenMaxima"]
[Result "1-0"]
[WhiteElo "2379"]
[BlackElo "2397"]
[PlyCount "61"]

1. e4 c5 2. Nf3 e6 3. d4 cxd4 4. Nxd4 Nf6 5. Nc3 d6 6. Be2 a6 7. O-O Be7 8. a4
Qc7 9. f4 O-O 10. e5 dxe5 11. fxe5 Qxe5 12. Bf4 Qc5 13. Be3 Nc6 14. Nf5 Qb4 15.
Nxe7+ Qxe7 16. Qd2 e5 17. Bg5 Qc5+ 18. Rf2 Ng4 19. Bxg4 Bxg4 20. Raf1 h6 21.
Bxh6 gxh6 22. Qxh6 Bf5 23. Qg5+ Bg6 24. Ne4 Qd4 25. Nf6+ Kg7 26. h4 Rh8 27. h5
Qxb2 28. hxg6 e4 29. c3 Qxf2+ 30. Rxf2 fxg6 31. Qf4 1-0

[Event "ICS rated blitz match"]
[Site "204.178.125.65"]
[Date "2000.03.30"]
[Round "?"]
[White "sjakkfant"]
[Black "Hossa"]
[Result "0-1"]
[WhiteElo "1989"]
[BlackElo "2396"]
[PlyCount "40"]

1. e4 e5 2. Nf3 Nc6 3. Bc4 Bc5 4. c3 Nf6 5. d4 exd4 6. cxd4 Bb4+ 7. Nc3 Nxe4 8.
O-O Bxc3 9. bxc3 d5 10. Bd3 O-O 11. Qc2 Re8 12. Bf4 Bg4 13. Ne5 Nxe5 14. Bxe5
f6 15. Bxe4 dxe4 16. Qxe4 Qc8 17. Qd5+ Be6 18. Qc5 fxe5 19. Qxe5 Bc4 20. Qg5
Bxf1 0-1

[Event "ICS rated standard match"]
[Site "204.178.125.65"]
[Date "2000.03.30"]
[Round "?"]
[White "Hossa"]
[Black "ragnarok"]
[Result "1-0"]
[WhiteElo "2365"]
[BlackElo "2188"]
[PlyCount "81"]

1. e4 c5 2. Nf3 Nc6 3. d4 cxd4 4. Nxd4 Qc7 5. Nb5 Qb8 6. Bd3 a6 7. N5c3 e6 8.
Be3 Nf6 9. O-O d6 10. Na4 Nd7 11. Nb6 Nxb6 12. Bxb6 Be7 13. Nc3 O-O 14. Bc4 Bd7
15. Qd2 Ne5 16. Bb3 Rc8 17. Rad1 Nc4 18. Bxc4 Rxc4 19. f4 Qf8 20. Qe3 Rac8 21.
Rf2 Bd8 22. Bxd8 Rxd8 23. a3 Qe7 24. Qd3 Rc6 25. f5 Be8 26. Rdf1 f6 27. fxe6
Qxe6 28. Nd5 Bg6 29. Qb3 Kh8 30. Qxb7 Rdc8 31. Ne7 R6c7 32. Nxg6+ hxg6 33. Qxa6
Rxc2 34. Rxc2 Rxc2 35. Qa8+ Qg8 36. Qxg8+ Kxg8 37. b4 Rc4 38. Rd1 Rc3 39. a4
Rc4 40. Rb1 Kf7 41. a5 1-0

[Event "ICS rated blitz match"]
[Site "204.178.125.65"]
[Date "2000.03.30"]
[Round "?"]
[White "QueenMaxima"]
[Black "Hossa"]
[Result "1/2-1/2"]
[WhiteElo "2380"]
[BlackElo "2399"]
[PlyCount "94"]

1. e4 e5 2. Nf3 Nc6 3. Bb5 a6 4. Ba4 Nf6 5. O-O Be7 6. Re1 b5 7. Bb3 O-O 8. c3
d5 9. exd5 Nxd5 10. Nxe5 Nxe5 11. Rxe5 c6 12. d4 Bd6 13. Re1 Qh4 14. g3 Qh3 15.
Be3 Bg4 16. Qd3 Rae8 17. Nd2 Re6 18. a4 f5 19. Qf1 Qh5 20. f4 bxa4 21. Bxd5
cxd5 22. Qg2 Rfe8 23. Qxd5 Kh8 24. Bf2 Be2 25. Rxa4 Bxf4 26. gxf4 Bc4 27. Rxc4
Rxe1+ 28. Bxe1 Rxe1+ 29. Nf1 Rxf1+ 30. Kxf1 Qd1+ 31. Kg2 Qd2+ 32. Kf3 Qd1+ 33.
Kg3 Qe1+ 34. Kh3 Qe3+ 35. Kg2 Qe2+ 36. Kg3 Qe1+ 37. Kg2 Qe2+ 38. Kg1 Qe3+ 39.
Kf1 Qc1+ 40. Kf2 Qd2+ 41. Kg3 Qe1+ 42. Kf3 Qd1+ 43. Ke3 Qc1+ 44. Ke2 Qc2+ 45.
Ke3 Qc1+ 46. Kd3 Qd1+ 47. Ke3 Qc1+ 1/2-1/2

[Event "ICS rated blitz match"]
[Site "204.178.125.65"]
[Date "2000.03.31"]
[Round "?"]
[White "Hossa"]
[Black "QueenMaxima"]
[Result "0-1"]
[WhiteElo "2398"]
[BlackElo "2381"]
[PlyCount "104"]

1. e4 c5 2. Nf3 d6 3. d4 cxd4 4. Nxd4 Nf6 5. Nc3 a6 6. Bg5 e6 7. f4 Qb6 8. Qd2
Qxb2 9. Rb1 Qa3 10. f5 b5 11. Bd3 Be7 12. fxe6 fxe6 13. Rb3 Qa5 14. O-O Bd8 15.
Qe3 e5 16. Bxf6 gxf6 17. Bxb5+ axb5 18. Ndxb5 Ra6 19. Nd5 Nd7 20. Qh6 Rc6 21.
Qh5+ Kf8 22. Qh6+ Kf7 23. Qh5+ Kg7 24. Rg3+ Kf8 25. Qh6+ Ke8 26. Rg7 Bb6+ 27.
Kh1 Qxb5 28. Re7+ Kd8 29. Rxd7+ Bxd7 30. Qxf6+ Kc8 31. Qxh8+ Kb7 32. Re1 Rxc2
33. Qxh7 Rf2 34. Rg1 Bc5 35. h3 Rf1 36. Qxd7+ Qxd7 37. Rxf1 Qa4 38. Rb1+ Kc6
39. Ne7+ Kd7 40. Nd5 Qc2 41. Rf1 Qe2 42. Rf7+ Ke8 43. Re7+ Kf8 44. Kh2 Qe1 45.
Ne3 Bxe3 46. Re8+ Kxe8 47. a3 Bf4+ 48. g3 Qf2+ 49. Kh1 Bc1 50. a4 Qxg3 51. h4
Qh3+ 52. Kg1 Be3# 0-1

[Event "ICS rated standard match"]
[Site "204.178.125.65"]
[Date "2000.03.31"]
[Round "?"]
[White "AquaRegia"]
[Black "Hossa"]
[Result "0-1"]
[WhiteElo "1955"]
[BlackElo "2373"]
[PlyCount "50"]

1. e4 e5 2. Nf3 Nc6 3. d4 exd4 4. Nxd4 Bc5 5. Be3 Qf6 6. c3 Nge7 7. Bc4 Ne5 8.
Be2 Qg6 9. O-O d6 10. f4 Qxe4 11. Bf2 Bxd4 12. cxd4 N5g6 13. g3 O-O 14. Nc3 Qf5
15. Bf3 Qd7 16. Re1 c6 17. Re2 Qd8 18. Qd2 Bh3 19. Rae1 d5 20. Qc2 Nf5 21. g4
Nh6 22. Kh1 Nxf4 23. Re5 Nxg4 24. Bxg4 Bxg4 25. Rg1 Bf3+ 0-1

[Event "ICS rated blitz match"]
[Site "204.178.125.65"]
[Date "2000.03.31"]
[Round "?"]
[White "Hossa"]
[Black "capivara"]
[Result "1-0"]
[WhiteElo "2381"]
[BlackElo "2021"]
[PlyCount "23"]

1. e4 e5 2. Nf3 Nc6 3. Nc3 Nf6 4. Nxe5 Nxe5 5. d4 Bb4 6. dxe5 Nxe4 7. Qg4 d5 8.
Qxg7 Ke7 9. f3 Rg8 10. Qh6 Nxc3 11. Qh4+ Ke8 12. Qxb4 1-0

[Event "ICS rated blitz match"]
[Site "204.178.125.65"]
[Date "2000.03.31"]
[Round "?"]
[White "QueenMaxima"]
[Black "Hossa"]
[Result "1-0"]
[WhiteElo "2398"]
[BlackElo "2385"]
[PlyCount "163"]

1. e4 c5 2. Nf3 d6 3. d4 cxd4 4. Nxd4 Nf6 5. Nc3 a6 6. Bc4 e6 7. Bb3 Be7 8. g4
Nc6 9. g5 Nxd4 10. Qxd4 Nh5 11. Rg1 O-O 12. Qd1 g6 13. Be3 b5 14. f4 Bb7 15.
Qd4 Qc7 16. O-O-O Rfc8 17. h3 Nxf4 18. Bxf4 e5 19. Qf2 exf4 20. Qxf4 Rf8 21.
Bd5 Rae8 22. Bxb7 Qxb7 23. Nd5 Qc8 24. Nxe7+ Rxe7 25. Rxd6 Qc4 26. Rxa6 Rxe4
27. Qd2 Rfe8 28. Ra3 Qc5 29. Rag3 b4 30. Kb1 Rd4 31. Qc1 Ra8 32. Ka1 Rc4 33.
R1g2 Qd5 34. b3 Rd4 35. Rg1 Rd2 36. Rg4 Qa5 37. Qb1 Rad8 38. Rc1 Rf2 39. Qb2
Re2 40. h4 Rde8 41. Kb1 Re1 42. Rd4 Qc5 43. Rcd1 Qe7 44. Qc1 Re2 45. c3 bxc3
46. Qxc3 Rh2 47. Qc1 Re2 48. a4 Qb7 49. b4 Qa8 50. b5 Qf3 51. R1d3 Qf5 52. Ka1
Qe5 53. Qc4 Rf2 54. b6 Qe2 55. Qb3 Qe7 56. Kb1 Rc8 57. Rd1 Re2 58. b7 Rb8 59.
Rd8+ Rxd8 60. Rxd8+ Qxd8 61. b8=Q Rd2 62. Qxd8+ Rxd8 63. a5 Kg7 64. a6 Re8 65.
a7 h6 66. gxh6+ Kxh6 67. Qxf7 Ra8 68. Qf4+ Kg7 69. Qb8 Rxa7 70. Qxa7+ Kg8 71.
Qe7 Kh8 72. Ka1 Kg8 73. Qe8+ Kg7 74. Qe6 Kh8 75. Qf7 g5 76. Qf6+ Kg8 77. hxg5
Kh7 78. g6+ Kh6 79. g7+ Kh7 80. Qe7 Kg6 81. g8=Q+ Kh6 82. Qeh7# 1-0

[Event "ICS rated blitz match"]
[Site "204.178.125.65"]
[Date "2000.03.31"]
[Round "?"]
[White "Hossa"]
[Black "QueenMaxima"]
[Result "0-1"]
[WhiteElo "2370"]
[BlackElo "2405"]
[PlyCount "162"]

1. e4 d5 2. exd5 Nf6 3. d4 Nxd5 4. Nf3 g6 5. c4 Nb6 6. Nc3 Bg7 7. Be3 O-O 8.
Be2 Nc6 9. d5 Na5 10. Bxb6 cxb6 11. O-O Qd6 12. Re1 Qb4 13. Qc2 Bf5 14. Qd2
Rfe8 15. Nd1 Qxd2 16. Nxd2 Rac8 17. g4 Bd7 18. Rc1 b5 19. c5 b4 20. Ne4 b3 21.
a3 Red8 22. Bf3 Bd4 23. Ndc3 Re8 24. d6 Nc6 25. dxe7 Rxe7 26. Nd5 Re6 27. Rb1
Bg7 28. Nd6 Ne5 29. Rxe5 Rxe5 30. Nxc8 Bxc8 31. Rd1 f5 32. g5 Kf7 33. h4 Re8
34. Nc7 Re7 35. Nb5 Bd7 36. Nd6+ Kf8 37. Rd2 Re1+ 38. Kg2 Bc6 39. Bxc6 bxc6 40.
Rd3 Re2 41. Rxb3 Rxb2 42. Rd3 Rb8 43. h5 Kg8 44. h6 Bf8 45. Re3 a5 46. Kf3 Rb1
47. Re6 a4 48. Re8 Rc1 49. Nb7 Ra1 50. Re3 Rg1 51. Re8 Rxg5 52. Nd8 Rh5 53.
Nxc6 Kf7 54. Rc8 Bxh6 55. Rc7+ Kf6 56. Rxh7 Bc1 57. Ra7 Rh4 58. Nb8 Rf4+ 59.
Ke2 Bxa3 60. c6 Bd6 61. Nd7+ Kg5 62. Ra6 Rh4 63. Kd3 a3 64. Nf8 Rh3+ 65. f3
Rxf3+ 66. Ke2 Rc3 67. Nd7 Kh4 68. Kd2 Rb3 69. Kc2 Rb2+ 70. Kd3 Rh2 71. Ra7 a2
72. Ra4+ Kg5 73. Ke3 Rh3+ 74. Kd2 Ba3 75. c7 a1=Q 76. c8=Q Rh2+ 77. Ke3 Qe1+
78. Kd4 Qe4+ 79. Kc3 Rc2+ 80. Kb3 Qd3+ 81. Qc3 Qxc3# 0-1

[Event "ICS rated blitz match"]
[Site "204.178.125.65"]
[Date "2000.03.31"]
[Round "?"]
[White "QueenMaxima"]
[Black "Hossa"]
[Result "0-1"]
[WhiteElo "2419"]
[BlackElo "2356"]
[PlyCount "68"]

1. e4 e5 2. f4 exf4 3. Nf3 g5 4. h4 g4 5. Ne5 Nf6 6. Bc4 d5 7. exd5 Bd6 8. O-O
Bxe5 9. Re1 Qe7 10. c3 f3 11. d4 Ne4 12. Rxe4 Bh2+ 13. Kxh2 Qxe4 14. g3 Qe7 15.
Bf4 O-O 16. Nd2 Bf5 17. Qe1 Re8 18. Qxe7 Rxe7 19. Rf1 Rd7 20. Nb3 Na6 21. Bb5
Rxd5 22. Bxa6 bxa6 23. Bxc7 Re8 24. Be5 f6 25. c4 Bd3 26. Rc1 Bxc4 27. Rxc4
fxe5 28. dxe5 h5 29. e6 Rxe6 30. Nd4 Re4 31. Rc8+ Kf7 32. Rc7+ Kf6 33. Rc6+ Ke5
34. Nxf3+ gxf3 0-1

[Event "ICS rated blitz match"]
[Site "204.178.125.65"]
[Date "2000.03.31"]
[Round "?"]
[White "Hossa"]
[Black "kako"]
[Result "0-1"]
[WhiteElo "2375"]
[BlackElo "2042"]
[PlyCount "124"]

1. e4 e6 2. d4 d5 3. Nc3 Nf6 4. Bg5 Bb4 5. e5 h6 6. Bd2 Bxc3 7. bxc3 Ne4 8. Nf3
c5 9. Bd3 Nxd2 10. Qxd2 Qa5 11. dxc5 Qxc5 12. O-O b6 13. c4 Bb7 14. cxd5 Bxd5
15. Nd4 O-O 16. c4 Bb7 17. Rfe1 Nc6 18. Nxc6 Bxc6 19. Qc2 Rfd8 20. Rad1 Rd4 21.
Bh7+ Kf8 22. Rxd4 Qxd4 23. Bd3 Rd8 24. Bf1 Qd2 25. Qb1 Rd4 26. Re2 Qd1 27. Qb4+
Kg8 28. Qc3 g6 29. c5 bxc5 30. Re1 Qd2 31. Qxd2 Rxd2 32. Rc1 Rxa2 33. Rxc5 Bd5
34. Rc1 a5 35. f3 a4 36. Rc8+ Kg7 37. Rc1 a3 38. Ba6 Rb2 39. Ra1 a2 40. Bd3 g5
41. h3 f5 42. exf6+ Kxf6 43. Rc1 h5 44. Ra1 h4 45. Rf1 Ke5 46. Bg6 Kf4 47. Kh1
Kg3 48. Rg1 e5 49. Bd3 Bb3 50. Rc1 Bc2 51. Bxc2 Rxc2 52. Re1 Rb2 53. Kg1 Rb1
54. Kf1 a1=Q 55. Rxb1 Qxb1+ 56. Ke2 Qb3 57. Kd2 Kxg2 58. f4 gxf4 59. Kc1 Qa2
60. Kd1 f3 61. Kc1 f2 62. Kd1 f1=Q# 0-1

[Event "ICS rated blitz match"]
[Site "204.178.125.65"]
[Date "2000.03.31"]
[Round "?"]
[White "Hossa"]
[Black "QueenMaxima"]
[Result "0-1"]
[WhiteElo "2347"]
[BlackElo "2400"]
[PlyCount "90"]

1. e4 d5 2. exd5 Nf6 3. d4 Nxd5 4. Nf3 Bg4 5. Bb5+ Nd7 6. Nc3 Nxc3 7. bxc3 h6
8. O-O c6 9. Bd3 Qa5 10. Bd2 Qd5 11. Be2 c5 12. Be3 Rc8 13. c4 Qd6 14. d5 Qa6
15. Nd2 Bxe2 16. Qxe2 Qg6 17. Rfc1 Nb6 18. Rab1 e6 19. Bf4 Qf5 20. Be5 Qg6 21.
Ne4 Kd7 22. Rd1 exd5 23. cxd5 f5 24. Nc3 c4 25. Nb5 Bc5 26. Nxa7 Ra8 27. Nb5
Rxa2 28. Nd6 Ra7 29. Nxc4 Nxc4 30. Qxc4 b6 31. Qb5+ Kd8 32. Re1 f4 33. c3 f3
34. g3 Re8 35. Bb8 Rxe1+ 36. Rxe1 Ra2 37. Kh1 Qe4 38. Qb1 Qxd5 39. Bf4 Rxf2 40.
Re5 Qc6 41. Qd3+ Bd6 42. Re6 Rf1+ 43. Qxf1 f2+ 44. Re4 Qxe4+ 45. Qg2 f1=Q# 0-1

[Event "ICS rated standard match"]
[Site "204.178.125.65"]
[Date "2000.03.31"]
[Round "?"]
[White "jft"]
[Black "Hossa"]
[Result "0-1"]
[WhiteElo "2200"]
[BlackElo "2373"]
[PlyCount "54"]

1. e4 e5 2. Nf3 Nc6 3. Bb5 a6 4. Ba4 Nf6 5. O-O Be7 6. Re1 b5 7. Bb3 O-O 8. c3
d5 9. exd5 Nxd5 10. Nxe5 Nxe5 11. Rxe5 c6 12. d4 Bd6 13. Re1 Qh4 14. g3 Qh3 15.
Be3 Bg4 16. Qd3 Rae8 17. Nd2 Re6 18. Qf1 Qh5 19. Bxd5 cxd5 20. a4 Bh3 21. Qd3
bxa4 22. Rxa4 f5 23. Raa1 Rfe8 24. f4 Bxf4 25. Bf2 Bxd2 26. Rxe6 Rxe6 27. Qxd2
Qf3 0-1

[Event "ICS rated standard match"]
[Site "204.178.125.65"]
[Date "2000.03.31"]
[Round "?"]
[White "Hossa"]
[Black "wolflance"]
[Result "1-0"]
[WhiteElo "2373"]
[BlackElo "2088"]
[PlyCount "97"]

1. e4 d5 2. exd5 Qxd5 3. Nc3 Qa5 4. d4 Bf5 5. Bd2 c6 6. Nf3 Nd7 7. Bc4 e6 8.
Nh4 Ngf6 9. Nxf5 Qxf5 10. O-O Bd6 11. Bd3 Qa5 12. Nb5 Bxh2+ 13. Kxh2 Qb6 14.
Nd6+ Ke7 15. Ne4 Nxe4 16. Bxe4 Nf6 17. Bg5 Rad8 18. c3 Qxb2 19. Qf3 Qa3 20.
Rfe1 h6 21. Bxf6+ gxf6 22. Kg1 Rd7 23. Kh1 Rhd8 24. Qe3 Qa5 25. Rab1 f5 26. Bf3
f4 27. Qc1 Qxa2 28. Qxf4 Qa5 29. Qc1 a6 30. Re5 Qa2 31. Kg1 Rh8 32. Bd1 f6 33.
Bb3 Qxb3 34. Rxb3 fxe5 35. dxe5 Rh7 36. Qb1 Kd8 37. Qg6 Rhe7 38. Rb1 a5 39. c4
a4 40. Qxh6 Re8 41. Qe3 Rf8 42. Qa3 Rf4 43. Qxa4 Ke7 44. Qa7 Rxc4 45. Rxb7 Rxb7
46. Qxb7+ Ke8 47. Qb8+ Kf7 48. Qd8 Rc3 49. Qf6+ 1-0

[Event "ICS Rated standard match"]
[Site "204.178.125.65"]
[Date "2000.03.31"]
[Round "?"]
[White "Mungo"]
[Black "Hossa"]
[Result "1-0"]
[WhiteElo "2513"]
[BlackElo "2375"]
[PlyCount "179"]

1. e4 d5 2. exd5 Qxd5 3. Nc3 Qa5 4. d4 Nf6 5. Nf3 Bg4 6. h3 Bh5 7. g4 Bg6 8.
Ne5 e6 9. Bg2 c6 10. h4 Bb4 11. Bd2 Qd8 12. g5 Bh5 13. Ne2 Bxd2+ 14. Qxd2 Bxe2
15. Qxe2 Nfd7 16. O-O-O Nxe5 17. dxe5 Nd7 18. Qe4 Qa5 19. Rh3 Qxe5 20. Qxe5
Nxe5 21. Rb3 Rb8 22. f4 Nd7 23. f5 e5 24. Ra3 Ra8 25. Rad3 Nb6 26. f6 O-O 27.
fxg7 Kxg7 28. Re1 Rfe8 29. Rde3 f6 30. gxf6+ Kxf6 31. Rf3+ Ke6 32. Bh3+ Kd6 33.
Rf6+ Kc5 34. Rf7 h5 35. Rxb7 e4 36. Rf7 Re5 37. Rf5 Rxf5 38. Bxf5 Nd5 39. Rxe4
Rf8 40. Bg6 Rf1+ 41. Kd2 Rf2+ 42. Kd1 Rf1+ 43. Re1 Rf4 44. Bxh5 Rxh4 45. Bf3
Nf4 46. Re7 Rh3 47. Be4 Re3 48. Re8 Rh3 49. Ra8 Re3 50. Bf5 Re7 51. Rf8 Nd5 52.
Kd2 Rb7 53. b3 Re7 54. c4 Ne3 55. Bh3 Re5 56. Rf3 Kd4 57. Bd7 a5 58. Bxc6 Nf5
59. Ba8 Kc5 60. Kd3 Nd4 61. Rf8 Ne2 62. Kd2 Nd4 63. Rd8 Ne6 64. Rd7 Nf4 65. Bf3
Ne6 66. Re7 Kd6 67. Ra7 Nf4 68. Ra6+ Kc7 69. a3 Kc8 70. b4 axb4 71. axb4 Kc7
72. b5 Kd7 73. b6 Re8 74. c5 Rh8 75. Ra7+ Ke6 76. b7 Rd8+ 77. Ke3 Ke5 78. c6
Rd3+ 79. Kf2 Rd2+ 80. Kg3 Rd8 81. c7 Rg8+ 82. Kf2 Nh3+ 83. Ke3 Kf6 84. c8=Q Ng5
85. b8=Q Rxc8 86. Qf4+ Kg6 87. Qd6+ Ne6 88. Qxe6+ Kg5 89. Rg7+ Kh4 90. Qg4# 1-0

[Event "ICS rated blitz match"]
[Site "204.178.125.65"]
[Date "2000.03.31"]
[Round "?"]
[White "undertaker1"]
[Black "Hossa"]
[Result "1-0"]
[WhiteElo "2628"]
[BlackElo "2333"]
[PlyCount "137"]

1. e4 e5 2. Nf3 Nc6 3. Bb5 a6 4. Ba4 Nf6 5. O-O Be7 6. Re1 b5 7. Bb3 d6 8. c3
O-O 9. h3 Bb7 10. d4 Re8 11. Nbd2 Bf8 12. a3 h6 13. Bc2 Nb8 14. b4 Nbd7 15. Bb2
g6 16. c4 exd4 17. cxb5 axb5 18. Nxd4 c6 19. a4 bxa4 20. Bxa4 Ra6 21. N4b3 Qb6
22. Qf3 Bg7 23. Bc3 Rea8 24. Nc4 Qc7 25. Nca5 Nh5 26. Bxg7 Nxg7 27. Qe3 g5 28.
Rec1 Ne5 29. Bb5 Rb6 30. Nd4 Qd7 31. Be2 Re8 32. Nf5 Rxb4 33. Nxh6+ Kh7 34.
Qxg5 Rxe4 35. Bg4 Qe7 36. Qxe7 Rxe7 37. Bf5+ Kxh6 38. Bxe4 d5 39. f4 dxe4 40.
fxe5 c5 41. Rxc5 Ne6 42. Nxb7 Rxb7 43. Rc4 e3 44. Re1 Rb3 45. Re4 Kg7 46. R1xe3
Ng5 47. Rxb3 Nxe4 48. Rb6 Nc5 49. h4 Kh7 50. g4 Ne6 51. Kg2 Nf4+ 52. Kg3 Ne6
53. Rb7 Kg7 54. g5 Nc5 55. Ra7 Kg6 56. Kg4 Kg7 57. h5 Kg8 58. Kf5 Ne6 59. Ra8+
Kg7 60. h6+ Kh7 61. g6+ Kxh6 62. Kf6 Kh5 63. gxf7 Nf4 64. f8=Q Nd5+ 65. Ke6 Kg5
66. Qf5+ Kh4 67. Rh8+ Kg3 68. Rg8+ Kh2 69. Qh7# 1-0

[Event "ICS rated blitz match"]
[Site "204.178.125.65"]
[Date "2000.03.31"]
[Round "?"]
[White "Hossa"]
[Black "undertaker1"]
[Result "1-0"]
[WhiteElo "2328"]
[BlackElo "2633"]
[PlyCount "183"]

1. e4 e5 2. Nf3 Nc6 3. Nc3 g6 4. Bc4 Bg7 5. O-O Nge7 6. Ng5 O-O 7. f4 exf4 8.
Rxf4 Bd4+ 9. Kh1 Ne5 10. Bb3 N7c6 11. Nf3 d6 12. Nxd4 Nxd4 13. d3 Nxb3 14. axb3
Be6 15. Qg1 c5 16. Rf1 Ng4 17. h3 Ne5 18. Bh6 Re8 19. Qf2 Qe7 20. Qf4 a6 21.
Na4 Rac8 22. Nb6 Rb8 23. Kg1 Nc6 24. Rf2 Nd4 25. Raf1 Nb5 26. Nc4 d5 27. exd5
Bxd5 28. Bg5 Qc7 29. Qxc7 Nxc7 30. Nb6 Bc6 31. Bf4 Re7 32. Bd6 Rbe8 33. Bxe7
Rxe7 34. Nc8 Rd7 35. Re1 Ne6 36. Nb6 Rd8 37. Nc4 Bd5 38. Ne5 Nd4 39. Ng4 Be6
40. Nf6+ Kg7 41. Ne4 b6 42. Kh2 h6 43. Ra1 a5 44. Nc3 g5 45. Re1 Nxc2 46. Rxc2
Rxd3 47. Rf2 Bxb3 48. Re8 a4 49. Ra8 Rd4 50. Nb5 Rb4 51. Nd6 Kg6 52. Nf5 Be6
53. Ne7+ Kg7 54. Rg8+ Kh7 55. Re2 Rd4 56. Rb8 Rd6 57. Rf2 Kg7 58. Rg8+ Kh7 59.
g3 Rd7 60. Re8 Rd3 61. Rb8 Rd6 62. g4 h5 63. gxh5 Rd3 64. Kg1 Rxh3 65. Ng8 f5
66. Nf6+ Kg7 67. Ne8+ Kf8 68. Nc7+ Kf7 69. Rxb6 Bc8 70. Nb5 Be6 71. Nd6+ Ke7
72. Nxf5+ Bxf5 73. Rxf5 Rxh5 74. Rxc5 Kd7 75. Ra6 a3 76. bxa3 Rh7 77. Rxg5 Kc8
78. Rg8+ Kb7 79. Rag6 Rf7 80. R8g7 Rxg7 81. Rxg7+ Kb6 82. a4 Ka5 83. Rb7 Kxa4
84. Rb8 Ka3 85. Kf2 Ka2 86. Ke3 Ka3 87. Kd4 Ka4 88. Kc5 Ka3 89. Kc4 Ka2 90. Kc3
Ka1 91. Kc2 Ka2 92. Ra8# 1-0